000 01147nam a2200313 a 4500
001 000112229
003 CHAP
005 20220329144251.0
008 160118s2015 mx a fsm |||||||spa d
010 _a108690
011 _a109662
040 _cCHAP
090 _aTesis
100 1 _aOrtiz Balcázar, Jorge Luis
_9130437
245 1 0 _aExtracción minera de materiales pétreos y su influencia en la degradación del suelo Tequexquináhuac, México/
_h[En línea]
_cpor Jorge Luis Ortiz Balcásar.
260 _aChapingo, Méx. :
_bEl autor,
_c2015.
500 _aPara ver el contenido del material haga clic en la liga
502 _aTesis (Ing. en Recursos Naturales Renovables) -- UACH. Departamento de Suelos
590 _aE5995AHE
_b05
_c20160118
_lUCH01
_h1041
590 _aE5995AHE
_b05
_c20160118
_lUCH01
_h1041
590 _aE5995AHE
_b05
_c20160118
_lUCH01
_h1358
650 1 4 _aRocas sedimentarias.
_998167
650 1 4 _aSuelos
_xDegradación.
_9110336
650 1 4 _aSuelos
_zMéxico (Edo.).
_9110525
856 _aFinding aid
_uhttp://10.13.5.2/tesis/sist112229.pdf
_zTeclea aquí
901 _aBK
942 _cTESIS
942 _n0
999 _c108690
_d108690